[Event "Xtracon Chess Open 2016"]
[Site "Helsingor DEN"]
[Date "2016.07.23"]
[Round "1.103"]
[White "Shehzad, Shazil"]
[Black "Hinrichs, Lars"]
[Result "0-1"]
[WhiteElo "1711"]
[BlackElo "2157"]
[WhiteFideId "1521942"]
[BlackFideId "12921769"]
[EventDate "2016.07.23"]

1. e4 c5 2. Nf3 a6 3. Nc3 d6 4. d4 cxd4 5. Nxd4 Nf6 6. Bc4 e6 7. O-O b5 8. Bb3
b4 9. Nce2 Nxe4 10. Nf4 Nc5 11. Re1 Be7 12. Nfxe6 Nxe6 13. Nxe6 fxe6 14. Rxe6
Bxe6 15. Bxe6 Nd7 16. Bh6 Nc5 17. Bxg7 Nxe6 18. Bxh8 Qa5 19. Qe2 Kd7 20. Re1 Qd5
21. c4 Qxg2+ 22. Kxg2 Nf4+ 23. Kf3 Nxe2 24. Bg7 Rg8 25. Bh6 Nd4+ 26. Ke4 Bf6 27.
Be3 Nc2 0-1

[Event "Xtracon Chess Open 2016"]
[Site "Helsingor DEN"]
[Date "2016.07.23"]
[Round "1.104"]
[White "Grove, Peter"]
[Black "Bratteteig, Tore-Inge"]
[Result "1-0"]
[WhiteElo "2155"]
[BlackElo "1710"]
[WhiteFideId "1411101"]
[BlackFideId "1510711"]
[EventDate "2016.07.23"]

1. Nf3 Nf6 2. c4 c5 3. g3 g6 4. Bg2 Nc6 5. O-O Bg7 6. Nc3 O-O 7. d4 cxd4 8. Nxd4
Nxd4 9. Qxd4 d6 10. Rd1 Qc7 11. Nb5 Qb8 12. c5 Nd7 13. Qh4 a6 14. Nc3 Nf6 15.
cxd6 exd6 16. Bg5 Nd7 17. Be7 Re8 18. e3 Bf8 19. Nd5 Bxe7 20. Nxe7+ Kf8 21. Nd5
Kg7 22. Rac1 Re5 23. Qd8 1-0

[Event "Xtracon Chess Open 2016"]
[Site "Helsingor DEN"]
[Date "2016.07.23"]
[Round "1.105"]
[White "Kristensen, Lars Ostergaard"]
[Black "Christensen, Bo Garner"]
[Result "0-1"]
[WhiteElo "1710"]
[BlackElo "2150"]
[WhiteFideId "1415018"]
[BlackFideId "1402412"]
[EventDate "2016.07.23"]

1. d4 f5 2. Bg5 g6 3. h4 h6 4. Bf4 d6 5. Nc3 Bg7 6. e4 c5 7. Nge2 cxd4 8. Nxd4
e5 9. Ndb5 exf4 10. Nxd6+ Kf8 11. h5 Be5 12. Nxc8 Qxc8 13. Rh3 g5 14. exf5 Nf6
15. Bb5 a6 16. Qe2 Qc5 17. Bc4 Nc6 18. O-O-O Re8 19. Be6 g4 20. Rhd3 Nd4 21. Qd2
Nxe6 22. fxe6 Rxe6 23. Nd5 Ne4 24. Nxf4 Bxb2+ 25. Kxb2 Rb6+ 26. Rb3 Nxd2 27.
Rxb6 Qxb6+ 0-1

[Event "Xtracon Chess Open 2016"]
[Site "Helsingor DEN"]
[Date "2016.07.23"]
[Round "1.106"]
[White "Burrows, Martin P"]
[Black "Skjolas, Erling Dyrhaug"]
[Result "1-0"]
[WhiteElo "2149"]
[BlackElo "1709"]
[WhiteFideId "409057"]
[BlackFideId "1516175"]
[EventDate "2016.07.23"]

1. e4 e6 2. d4 d5 3. Nc3 Nf6 4. e5 Nfd7 5. f4 c5 6. Nf3 Nc6 7. Be3 cxd4 8. Nxd4
Bc5 9. Qd2 O-O 10. O-O-O a6 11. Kb1 Qe7 12. Qf2 f6 13. Nf5 exf5 14. Nxd5 Qf7 15.
Bxc5 Nxc5 16. Qxc5 fxe5 17. fxe5 Be6 18. Bc4 Nxe5 19. Ne7+ Kh8 20. Bxe6 Qxe6 21.
Rde1 b6 22. Qxe5 Qxe5 23. Rxe5 Rfe8 24. Rhe1 1-0

[Event "Xtracon Chess Open 2016"]
[Site "Helsingor DEN"]
[Date "2016.07.23"]
[Round "1.107"]
[White "Christiansen, Torsten Sundgaar"]
[Black "Leutwyler, Martin"]
[Result "0-1"]
[WhiteElo "1708"]
[BlackElo "2145"]
[WhiteFideId "1419714"]
[BlackFideId "1301969"]
[EventDate "2016.07.23"]

1. Nf3 d5 2. b3 c5 3. Bb2 Nc6 4. e3 a6 5. Be2 Nf6 6. O-O Qc7 7. d4 cxd4 8. exd4
g6 9. c4 Bg7 10. Nc3 O-O 11. Rc1 dxc4 12. bxc4 Rd8 13. d5 Bh6 14. Rb1 Bf5 15.
Bd3 Bxd3 16. Qxd3 Na5 17. Ne4 Nxe4 18. Qxe4 Nxc4 19. Rfc1 b5 20. Qd4 e5 21. Nxe5
Bxc1 22. Rxc1 Qxe5 0-1

[Event "Xtracon Chess Open 2016"]
[Site "Helsingor DEN"]
[Date "2016.07.23"]
[Round "1.108"]
[White "Royset, Pal"]
[Black "Petersen, Jan"]
[Result "1-0"]
[WhiteElo "2144"]
[BlackElo "1694"]
[WhiteFideId "1501330"]
[BlackFideId "1426320"]
[EventDate "2016.07.23"]

1. e4 c5 2. Nf3 d6 3. Bb5+ Bd7 4. Bxd7+ Nxd7 5. O-O Ngf6 6. Qe2 Ne5 7. Nxe5 dxe5
8. Qb5+ Qd7 9. Qxc5 e6 10. Qxe5 Rc8 11. Nc3 Bd6 12. Qb5 Rc6 13. e5 a6 14. Qe2
Bxe5 15. Qxe5 Ng4 16. Qxg7 1-0

[Event "Xtracon Chess Open 2016"]
[Site "Helsingor DEN"]
[Date "2016.07.23"]
[Round "1.109"]
[White "Higgs, Joshua"]
[Black "Bremer, Erik"]
[Result "1-0"]
[WhiteElo "2003"]
[BlackElo "1458"]
[WhiteFideId "426920"]
[BlackFideId "1411578"]
[EventDate "2016.07.23"]

1. e4 e6 2. d4 d5 3. Nc3 Nf6 4. Bg5 Be7 5. e5 Nfd7 6. Bxe7 Qxe7 7. Nf3 a6 8. Qd2
c5 9. Ne2 Nc6 10. c3 b6 11. Nf4 cxd4 12. cxd4 Qb4 13. Qxb4 Nxb4 14. Kd2 Bb7 15.
Bd3 Rc8 16. Rhc1 Nxd3 17. Nxd3 O-O 18. a4 Rc4 19. b3 Rxc1 20. Nxc1 a5 21. Nd3
Rc8 22. Rc1 Rxc1 23. Nxc1 f6 24. Nd3 Ba6 25. Nfe1 fxe5 26. Nxe5 Nxe5 27. dxe5
Kf7 28. Nf3 Ke7 29. Nd4 Kd7 30. Ke3 Bf1 31. g4 g6 32. Kf4 h6 33. h4 Bd3 34. h5
Bb1 35. hxg6 Bxg6 36. Kg3 Bf7 37. Kh4 Ke8 38. f4 Kf8 39. f5 Ke7 40. Kg3 exf5 41.
gxf5 Kf8 42. e6 Be8 43. f6 Bg6 44. Kf4 Ke8 45. Ke5 h5 46. f7+ 1-0

[Event "Xtracon Chess Open 2016"]
[Site "Helsingor DEN"]
[Date "2016.07.23"]
[Round "1.110"]
[White "Tolba, Henri"]
[Black "Vesterli, Michael E."]
[Result "0-1"]
[WhiteElo "1688"]
[BlackElo "2141"]
[WhiteFideId "1418246"]
[BlackFideId "1417339"]
[EventDate "2016.07.23"]

1. d4 Nf6 2. c4 g6 3. Nc3 Bg7 4. e4 d6 5. Bg5 O-O 6. Nf3 Na6 7. Bd3 h6 8. Be3
Ng4 9. Bd2 e5 10. h3 exd4 11. hxg4 dxc3 12. Bxh6 cxb2 13. Rb1 Bxh6 14. Rxh6 Bxg4
15. Qd2 Qf6 16. Ke2 Kg7 17. Rbh1 Rh8 18. Rxh8 Rxh8 19. Rxh8 Kxh8 20. Kf1 Bxf3
21. gxf3 Qd4 22. Qe3 Qc3 0-1

[Event "Xtracon Chess Open 2016"]
[Site "Helsingor DEN"]
[Date "2016.07.23"]
[Round "1.111"]
[White "Moe, Mogens"]
[Black "Ornebjerg, Henrik"]
[Result "1-0"]
[WhiteTitle "FM"]
[WhiteElo "2138"]
[BlackElo "1687"]
[WhiteFideId "1400550"]
[BlackFideId "1417550"]
[EventDate "2016.07.23"]

1. e4 c5 2. Nf3 d6 3. d4 cxd4 4. Nxd4 Nf6 5. Nc3 a6 6. Bg5 e6 7. f4 Be7 8. Qf3
Nbd7 9. O-O-O Rb8 10. Bd3 h6 11. Bh4 b5 12. Nc6 Qc7 13. Nxb8 Qxb8 14. Rhe1 Bb7
15. Qh3 Nc5 16. e5 Nxd3+ 17. Qxd3 Nd5 18. Bxe7 Kxe7 19. exd6+ Kd7 20. f5 Re8 21.
fxe6+ fxe6 22. Qg6 Qxd6 23. Nxd5 Bxd5 24. Rxd5 Qxd5 25. Rd1 1-0

[Event "Xtracon Chess Open 2016"]
[Site "Helsingor DEN"]
[Date "2016.07.23"]
[Round "1.112"]
[White "Joensson, Jacob"]
[Black "Klings, Peter"]
[Result "0-1"]
[WhiteElo "1680"]
[BlackElo "2133"]
[WhiteFideId "1726315"]
[BlackFideId "4631234"]
[EventDate "2016.07.23"]

1. d4 Nf6 2. c4 c5 3. d5 b5 4. Qc2 Qa5+ 5. Bd2 b4 6. e4 d6 7. f4 g6 8. Nf3 Bg7
9. Be2 O-O 10. O-O Nbd7 11. h3 Nxe4 12. Qxe4 Bxb2 13. Qxe7 Bxa1 14. Qxd6 Qb6 15.
Qxb6 axb6 16. Na3 Bg7 17. Nb5 Nf6 18. Bd3 Rd8 19. Ne5 Rxa2 20. Bc1 Bd7 21. Bb1
Raa8 22. Nd6 Be8 23. Nxe8 Nxe8 24. Nc6 Rd7 25. Re1 Nd6 26. Bd3 Bc3 27. Rd1 f6
28. Bd2 Ra3 29. Kf2 Ra2 30. Ke1 Rxd2 31. Rxd2 b5 32. cxb5 c4 33. Kd1 Bxd2 34.
Kxd2 cxd3 35. Kxd3 Nxb5 36. Nxb4 Nd6 37. Kd4 Rc7 38. Nc6 Nb7 39. Kc4 Nd8 40. Kc5
Rd7 41. g3 Kf8 42. d6 Nxc6 43. Kxc6 Ke8 44. g4 Kd8 45. Kd5 Ra7 46. Ke6 Ra3 47.
Kxf6 Rxh3 48. Kg7 Kd7 49. f5 gxf5 50. gxf5 h5 51. f6 Rf3 52. f7 Rxf7+ 53. Kxf7
h4 0-1

[Event "Xtracon Chess Open 2016"]
[Site "Helsingor DEN"]
[Date "2016.07.23"]
[Round "1.113"]
[White "Heinis, Vincent"]
[Black "Birkestrand, Odd H"]
[Result "1-0"]
[WhiteElo "2131"]
[BlackElo "1676"]
[WhiteFideId "607851"]
[BlackFideId "1502700"]
[EventDate "2016.07.23"]

1. Nf3 f5 2. d3 Nf6 3. e4 e6 4. e5 Nd5 5. d4 Be7 6. c4 Nb6 7. Nc3 O-O 8. Bd3 d6
9. exd6 cxd6 10. O-O N8d7 11. Re1 Nf6 12. a4 a5 13. b3 Bd7 14. Ra2 d5 15. c5 Nc8
16. Ne5 Ne4 17. Nxe4 fxe4 18. Bb1 Bf6 19. Bf4 Ne7 20. f3 exf3 21. Nxf3 Nc6 22.
Rf2 b6 23. Bd6 Rf7 24. Ng5 Bxd4 25. Bxh7+ 1-0

[Event "Xtracon Chess Open 2016"]
[Site "Helsingor DEN"]
[Date "2016.07.23"]
[Round "1.114"]
[White "Haugaard, Thomas"]
[Black "Vestby-Ellingsen, Mads"]
[Result "1/2-1/2"]
[WhiteElo "1672"]
[BlackElo "2126"]
[WhiteFideId "1414330"]
[BlackFideId "1520857"]
[EventDate "2016.07.23"]

1. d4 d5 2. c4 c6 3. Nf3 Nf6 4. e3 e6 5. Nc3 Nbd7 6. Bd3 dxc4 7. Bxc4 b5 8. Bd3
Bd6 9. O-O O-O 10. b3 e5 11. e4 Qe7 12. Bb2 Rd8 13. Qe2 Bb7 14. Rac1 a6 15. Rfd1
Rac8 16. Qc2 h6 17. Ne2 c5 18. d5 Bxd5 19. exd5 e4 20. Bxe4 Nxe4 21. Re1 Ng5 22.
Ned4 Nxf3+ 23. Nxf3 Qf8 24. Qf5 f6 25. Re3 Qf7 26. Rce1 g6 27. Qh3 Bf8 28. Re6
Re8 29. Rxe8 Rxe8 30. Rxe8 Qxe8 31. Qe6+ Qxe6 32. dxe6 Nb6 33. Bxf6 Nd5 34. Be5
Be7 35. Kf1 Nb4 36. a3 Nd3 37. Bc7 c4 38. bxc4 bxc4 39. a4 c3 40. Ne1 Nc5 41.
Nc2 Nxa4 42. Ba5 Kg7 43. Ke2 Kf6 44. Kd3 Bd6 45. Nb4 Kxe6 46. Nxa6 Bxh2 47. Bxc3
Nxc3 48. Kxc3 Bg1 49. Nc5+ Kf5 50. Nd3 Kg4 51. Kd2 Bxf2 52. Nxf2+ Kg3 53. Nd3
Kxg2 54. Nf4+ Kf2 55. Nxg6 h5 1/2-1/2

[Event "Xtracon Chess Open 2016"]
[Site "Helsingor DEN"]
[Date "2016.07.23"]
[Round "1.115"]
[White "Schultz-Pedersen, Jesper"]
[Black "Madsen, Dennis"]
[Result "1-0"]
[WhiteElo "2121"]
[BlackElo "1665"]
[WhiteFideId "1404482"]
[BlackFideId "1425919"]
[EventDate "2016.07.23"]

1. e4 d5 2. exd5 Nf6 3. Nf3 Nxd5 4. d3 Nc6 5. Be2 e5 6. O-O Bd6 7. Re1 Bg4 8.
Nc3 Bxf3 9. Bxf3 Nxc3 10. bxc3 Qf6 11. Rb1 O-O-O 12. Bxc6 bxc6 13. Qg4+ Rd7 14.
Qc4 g6 15. Qxc6 Kd8 16. d4 Ke7 17. dxe5 Bxe5 18. Ba3+ 1-0

[Event "Xtracon Chess Open 2016"]
[Site "Helsingor DEN"]
[Date "2016.07.23"]
[Round "1.116"]
[White "Shehzad, Kasher"]
[Black "Hofmann, Rares"]
[Result "0-1"]
[WhiteElo "1656"]
[BlackElo "2118"]
[WhiteFideId "1521934"]
[BlackFideId "12976440"]
[EventDate "2016.07.23"]

1. d4 Nf6 2. c4 e6 3. Bg5 d5 4. e3 Nbd7 5. Nf3 c6 6. cxd5 cxd5 7. Bd3 Be7 8. O-O
a6 9. a4 b6 10. Nc3 Bb7 11. Qb1 O-O 12. b4 Rc8 13. Rc1 Ne4 14. Bxe7 Qxe7 15.
Bxe4 dxe4 16. Nd2 f5 17. Qb2 e5 18. Ne2 f4 19. dxe5 f3 20. Ng3 fxg2 21. Ndxe4
Nxe5 22. Rxc8 Nf3+ 23. Kxg2 Bxc8 24. Rc1 Qh4 25. Rxc8 Qxh2+ 26. Kf1 Qg1+ 27. Ke2
Qe1+ 28. Kd3 Qd1+ 29. Nd2 Rxc8 30. Qb3+ Qxb3+ 31. Nxb3 Ne5+ 32. Kd2 Rc4 33. b5
Rxa4 34. bxa6 Rxa6 35. Nd4 Ra2+ 36. Nc2 Ng4 37. Ne4 h5 38. Kd3 h4 39. f3 Ne5+
40. Kc3 Nxf3 41. Nf2 Ne1 42. Nxe1 Rxf2 43. Nd3 Re2 44. Kd4 h3 45. Nf4 h2 46.
Nxe2 h1=Q 0-1

[Event "Xtracon Chess Open 2016"]
[Site "Helsingor DEN"]
[Date "2016.07.23"]
[Round "1.117"]
[White "Gjare, Vidar"]
[Black "Brorsen, Jacob Abildlund"]
[Result "1-0"]
[WhiteElo "1646"]
[BlackElo "2112"]
[WhiteFideId "1525344"]
[BlackFideId "1411233"]
[EventDate "2016.07.23"]

1. e4 e5 2. c3 Nf6 3. Nf3 Nc6 4. d4 d6 5. Bb5 Bd7 6. d5 Ne7 7. Bd3 g6 8. Bg5 Bg7
9. Qd2 h6 10. Bh4 g5 11. Bg3 Ng6 12. h4 g4 13. h5 Nf4 14. Bxf4 gxf3 15. Bg3 fxg2
16. Rg1 Bh3 17. Bb5+ Kf8 18. Qe3 Ng4 19. Qf3 Qf6 20. Be2 Qg5 21. Nd2 Qxh5 22.
Qd3 Qg5 23. Bf3 h5 24. Bxg2 Bxg2 25. Rxg2 Bf6 26. Nf3 Qh6 27. Bh4 Ke7 28. Ke2
Qf4 29. Bg3 Qh6 30. Nh4 Qh7 31. Nf5+ Kd8 32. Qf3 Bg5 33. Rh1 Kd7 34. Bh4 Rag8
35. Bxg5 Rxg5 36. Qh3 Rgg8 37. f3 Qg6 38. Nh4 Qg5 39. fxg4 hxg4 40. Qg3 Rh6 41.
Rgh2 Rf6 42. Nf5 Rxf5 43. exf5 Qxf5 44. Rd1 Qe4+ 45. Qe3 Qc4+ 46. Qd3 Qxa2 47.
Qf5+ Ke7 48. Rh7 Qxb2+ 49. Rd2 Qb5+ 50. Ke1 Qe8 51. Qe6+ Kf8 52. Rf2 1-0

[Event "Xtracon Chess Open 2016"]
[Site "Helsingor DEN"]
[Date "2016.07.23"]
[Round "1.118"]
[White "Mardell, Jimmy"]
[Black "Madsen, Svend"]
[Result "1-0"]
[WhiteElo "2112"]
[BlackElo "1638"]
[WhiteFideId "1705610"]
[BlackFideId "1419846"]
[EventDate "2016.07.23"]

1. e4 e6 2. d4 d5 3. Nc3 dxe4 4. Nxe4 Nf6 5. Nxf6+ Qxf6 6. Nf3 h6 7. c3 Bd6 8.
Bd3 Nc6 9. O-O Bd7 10. Re1 O-O-O 11. b4 Bxb4 12. cxb4 Nxd4 13. Nxd4 Qxd4 14. Be3
Qxb4 15. Rb1 Qa4 16. Qe2 Bc6 17. Rec1 Be4 18. Bxe4 Qxe4 19. Rxc7+ 1-0

[Event "Xtracon Chess Open 2016"]
[Site "Helsingor DEN"]
[Date "2016.07.23"]
[Round "1.120"]
[White "Rasmussen, Bjarne Berring"]
[Black "Chittka, Julius"]
[Result "1/2-1/2"]
[WhiteElo "1634"]
[BlackElo "2109"]
[WhiteFideId "1422375"]
[BlackFideId "12954772"]
[EventDate "2016.07.23"]

1. d4 Nf6 2. c4 g6 3. Nc3 d5 4. cxd5 Nxd5 5. e4 Nxc3 6. bxc3 Bg7 7. Nf3 c5 8.
Be3 Nc6 9. Be2 Bg4 10. e5 Qa5 11. Bd2 O-O 12. O-O Rfd8 13. Qb3 Bxf3 14. Bxf3
cxd4 15. e6 dxc3 16. exf7+ Kh8 17. Be3 Rab8 18. Rad1 Qc7 19. Qc4 Rxd1 20. Rxd1
Rd8 21. Rc1 Qd7 22. Qb3 Rf8 23. Rd1 Qc7 24. Bg4 Ne5 25. Be6 c2 26. Rc1 Rd8 27.
g3 Qc6 28. Bh3 Nf3+ 29. Kf1 Nxh2+ 30. Kg1 Nf3+ 31. Kf1 Qa6+ 32. Kg2 Qe2 33. Qxb7
Ne1+ 34. Kg1 Nd3 35. Qxe7 Rf8 1/2-1/2

[Event "Xtracon Chess Open 2016"]
[Site "Helsingor DEN"]
[Date "2016.07.23"]
[Round "1.121"]
[White "Kunz, Andre"]
[Black "Grotle, Ramona"]
[Result "1-0"]
[WhiteElo "2105"]
[BlackElo "1632"]
[WhiteFideId "24623652"]
[BlackFideId "1516841"]
[EventDate "2016.07.23"]

1. e4 c6 2. d4 d5 3. Nc3 dxe4 4. Nxe4 Bf5 5. Ng3 Bg6 6. h4 h6 7. Nh3 Nf6 8. Nf4
Bh7 9. Bc4 e6 10. O-O Be7 11. Bxe6 O-O 12. Bb3 a5 13. c3 Nd5 14. Nxd5 cxd5 15.
Qg4 f5 16. Qf3 Bxh4 17. Bxd5+ Kh8 18. Bxb7 Ra7 19. Bf4 Bxg3 20. fxg3 Nd7 21. b3
Nf6 22. Be5 Ng4 23. Rae1 Qg5 24. Re4 Rd8 25. Rxg4 Qxg4 26. Qc6 Qg6 27. d5 Qe8
28. Bd4 Rxb7 29. Qxb7 Rd7 30. Qc6 Qf7 31. c4 Bg8 32. Qxh6+ Bh7 33. Re1 Kg8 34.
Qe6 Kf8 35. Bc5+ Kg8 36. Qe8+ Qxe8 37. Rxe8+ Kf7 38. Ra8 Kg6 39. Rxa5 Kg5 40.
Be3+ Kg4 41. Kf2 g5 42. Ra4 f4 43. gxf4 gxf4 44. c5 Rxd5 45. Rxf4+ Kh5 46. c6
Rd8 47. b4 Bd3 48. b5 Rc8 49. a4 Kg6 50. Ke1 Kg7 51. Kd2 Bg6 52. Bd4+ Kg8 53.
Kc3 Bf7 54. Rh4 1-0

[Event "Xtracon Chess Open 2016"]
[Site "Helsingor DEN"]
[Date "2016.07.23"]
[Round "1.122"]
[White "Rygg, Andreas Gangstad"]
[Black "Holm, Ragnar"]
[Result "0-1"]
[WhiteElo "1631"]
[BlackElo "2104"]
[WhiteFideId "1527754"]
[BlackFideId "1505858"]
[EventDate "2016.07.23"]

1. e4 c5 2. b3 e6 3. Bb2 a6 4. a4 Nc6 5. Bc4 d5 6. exd5 exd5 7. Be2 Nf6 8. Nf3
d4 9. Bc4 Be7 10. O-O Bg4 11. Re1 O-O 12. h3 Bh5 13. Be2 Bg6 14. Nh4 Nd5 15.
Nxg6 hxg6 16. c3 Nf4 17. cxd4 cxd4 18. d3 Bb4 19. Nd2 Bxd2 20. Ba3 Bxe1 21. Bxf8
Bc3 22. Ba3 Bxa1 0-1

[Event "Xtracon Chess Open 2016"]
[Site "Helsingor DEN"]
[Date "2016.07.23"]
[Round "1.123"]
[White "Andersen, Rune"]
[Black "Skjoldager, Morten"]
[Result "1-0"]
[WhiteElo "2100"]
[BlackElo "1629"]
[WhiteFideId "1405683"]
[BlackFideId "1434322"]
[EventDate "2016.07.23"]

1. d4 Nf6 2. c4 e6 3. Nc3 d5 4. Nf3 Nbd7 5. Bf4 Be7 6. Nb5 Bb4+ 7. Nd2 Ba5 8. b4
a6 9. bxa5 axb5 10. cxb5 Rxa5 11. Qc2 e5 12. dxe5 Nh5 13. e3 Nxf4 14. exf4 b6
15. Be2 O-O 16. Nb3 Ra7 17. O-O Qe7 18. Rfd1 f6 19. e6 Qxe6 20. Nd4 Qe4 21. Bd3
Qe7 22. Nc6 1-0

[Event "Xtracon Chess Open 2016"]
[Site "Helsingor DEN"]
[Date "2016.07.23"]
[Round "1.124"]
[White "Skaale, Janus"]
[Black "Rishovd, Svein"]
[Result "0-1"]
[WhiteElo "1628"]
[BlackElo "2099"]
[WhiteFideId "7201575"]
[BlackFideId "1513060"]
[EventDate "2016.07.23"]

1. e4 e6 2. d4 d5 3. e5 c5 4. c3 Nc6 5. Nf3 Qb6 6. a3 Nh6 7. b4 cxd4 8. cxd4 Nf5
9. Bb2 Bd7 10. Be2 h5 11. O-O Be7 12. Qd2 g5 13. Nxg5 Ncxd4 14. Bd1 Rg8 15. Nf3
Nxf3+ 16. Bxf3 Nh4 17. Qd1 a5 18. Nd2 axb4 19. Qb3 Ba4 20. Qd3 Bb5 21. Qh7 Kd7
22. Rfc1 bxa3 23. Bxa3 Bxa3 24. Rxa3 Raf8 25. Rac3 Bc6 26. Nb3 Nf5 27. Nc5+ Qxc5
28. Rxc5 Rh8 29. Qxf5 exf5 30. Bxd5 Rh6 31. f4 Rg8 32. Bxc6+ bxc6 33. Kf2 h4 34.
Kf3 h3 35. g3 Ra8 36. Rd1+ Kc7 37. Ke2 Re6 38. Kf3 Ra3+ 39. Ke2 Ra2+ 40. Rd2 Ra1
41. Kd3 Re8 42. Rdc2 Rd8+ 43. Ke2 Ra6 44. Ke3 Rd1 45. R5c3 Re1+ 46. Kf3 Rf1+ 47.
Ke2 Rfa1 48. Kf3 Rf1+ 49. Ke2 Rfa1 50. Kd3 R6a3 51. Rxa3 Rxa3+ 52. Kd4 Ra4+ 53.
Kd3 Kb6 54. Re2 Kc5 55. Rc2+ Kd5 56. Kc3 Rc4+ 57. Kb3 Rxc2 58. Kxc2 Kc4 59. Kd2
Kd4 60. Ke2 Ke4 61. Kf2 c5 62. Ke2 c4 63. Kd2 Kf3 64. Kc3 Kg2 65. Kxc4 Kxh2 66.
Kd5 Kxg3 67. e6 fxe6+ 68. Kxe6 Kxf4 0-1

[Event "Xtracon Chess Open 2016"]
[Site "Helsingor DEN"]
[Date "2016.07.23"]
[Round "1.126"]
[White "Jacobsen, Elise Sjottem"]
[Black "Machlik, Edit"]
[Result "0-1"]
[WhiteElo "1611"]
[BlackElo "2090"]
[WhiteFideId "1516493"]
[BlackFideId "1513591"]
[EventDate "2016.07.23"]

1. e4 c5 2. Nf3 Nc6 3. d4 cxd4 4. Nxd4 e5 5. Nb5 a6 6. Nd6+ Bxd6 7. Qxd6 Qf6 8.
Qd1 Qg6 9. Nc3 Nf6 10. f3 O-O 11. Be3 b5 12. a4 b4 13. Nd5 Rb8 14. Bc5 Re8 15.
Bd6 Nxd5 16. Qxd5 Nd4 17. Bxb8 Nxc2+ 18. Kd2 Nxa1 19. Bxe5 d6 20. Bg3 Be6 21.
Qxd6 Qg5+ 22. f4 Qa5 23. Qxa6 Rd8+ 24. Ke3 Nc2+ 25. Kf3 Qh5+ 26. Kf2 Qc5+ 27.
Ke2 Qe3# 0-1

[Event "Xtracon Chess Open 2016"]
[Site "Helsingor DEN"]
[Date "2016.07.23"]
[Round "1.127"]
[White "Palozza, Christian"]
[Black "Vestjord, Harald Christian"]
[Result "1-0"]
[WhiteElo "2090"]
[BlackElo "1608"]
[WhiteFideId "895580"]
[BlackFideId "1521187"]
[EventDate "2016.07.23"]

1. d4 d5 2. c4 c6 3. cxd5 cxd5 4. Nc3 Nc6 5. Bf4 a6 6. e3 Nf6 7. Bd3 e6 8. Rc1
Bd6 9. Bxd6 Qxd6 10. f4 b5 11. Nf3 O-O 12. O-O Bd7 13. Ne5 Ne7 14. g4 b4 15. g5
bxc3 16. gxf6 gxf6 17. Nxd7 Qxd7 18. Rxc3 f5 19. Qe2 a5 20. Rfc1 Rfc8 21. Rc5
Qb7 22. R1c3 Rxc5 23. Rxc5 Qb6 24. Qc2 Ra7 25. Kf2 Rb7 26. Rb5 Qa7 27. Qc5 Qb8
28. a4 Kf8 29. Ke2 Rxb5 30. Bxb5 Qd8 31. b4 axb4 32. Qxb4 Kg7 33. a5 Qb8 34. Qc5
Nc8 35. Qc6 Na7 36. Qb6 Qa8 37. a6 Nxb5 38. Qxb5 Qc8 39. Qa4 Qc1 40. a7 Qg1 41.
a8=Q Qg2+ 42. Kd3 Qf1+ 43. Kc3 Qe1+ 44. Kb2 Qd2+ 45. Qc2 Qb4+ 46. Ka2 1-0

[Event "Xtracon Chess Open 2016"]
[Site "Helsingor DEN"]
[Date "2016.07.23"]
[Round "1.128"]
[White "Horslund, Mikael"]
[Black "Kistrup, Nicolai"]
[Result "0-1"]
[WhiteElo "1604"]
[BlackElo "2089"]
[WhiteFideId "1421042"]
[BlackFideId "1444816"]
[EventDate "2016.07.23"]

1. d4 Nf6 2. Nf3 e6 3. Bf4 b6 4. e3 Bb7 5. h3 Be7 6. Nbd2 O-O 7. Bd3 c5 8. c3
Nc6 9. O-O Qc8 10. Qe2 d6 11. Rfd1 Qd7 12. Bb5 Nd5 13. Bh2 Nc7 14. Bd3 Rfd8 15.
Rac1 Qe8 16. dxc5 bxc5 17. Nc4 d5 18. Nce5 Nxe5 19. Nxe5 f6 20. Nf3 e5 21. e4
Kh8 22. exd5 Bxd5 23. Bc4 Qa4 24. Bxd5 Nxd5 25. c4 Nc7 26. b3 Qc6 27. Nh4 Ne6
28. Nf5 Bf8 29. Ne3 Rd4 30. Nd5 Rd8 31. Bg3 Qd6 32. Bh2 Nc7 33. Rxd4 cxd4 34.
Nxc7 Qxc7 35. Qe4 Qa5 36. Qb1 d3 37. Rd1 Qc3 38. Rc1 d2 39. Rd1 Ba3 40. Bg3 Qc1 0-1

[Event "Xtracon Chess Open 2016"]
[Site "Helsingor DEN"]
[Date "2016.07.23"]
[Round "1.129"]
[White "Madsen, Michael B."]
[Black "Nesse, David"]
[Result "1-0"]
[WhiteElo "2089"]
[BlackElo "1604"]
[WhiteFideId "1413031"]
[BlackFideId "1519875"]
[EventDate "2016.07.23"]

1. d4 Nf6 2. c4 c5 3. d5 b5 4. cxb5 a6 5. bxa6 g6 6. Nc3 Bg7 7. e4 d6 8. Nf3 Qa5
9. Nd2 Ng4 10. Bb5+ Kf8 11. Qb3 Qb4 12. O-O Qxb3 13. Nxb3 Bxa6 14. Bxa6 Nxa6 15.
a3 Ke8 16. Rb1 Kd7 17. Nd2 Rhb8 18. Nd1 Ne5 19. b3 Nd3 20. Nb2 Nxc1 21. Rfxc1
Nc7 22. a4 Bxb2 23. Rxb2 Rxa4 24. bxa4 Rxb2 25. Nc4 Rb4 26. a5 Nb5 27. f3 Kc7
28. Nb6 Rb3 29. Ra1 Ra3 30. Rxa3 Nxa3 31. Kf2 Kb7 32. Ke2 e6 33. dxe6 fxe6 34.
Nd7 Ka6 35. e5 dxe5 36. Nxc5+ Kxa5 37. Nxe6 h6 38. Nf8 g5 39. Kd3 Kb5 40. Nd7
Nc4 41. Ke4 1-0

[Event "Xtracon Chess Open 2016"]
[Site "Helsingor DEN"]
[Date "2016.07.23"]
[Round "1.130"]
[White "Starup, Leo"]
[Black "Nielsen, Klaus"]
[Result "0-1"]
[WhiteElo "1598"]
[BlackElo "2089"]
[WhiteFideId "1422669"]
[BlackFideId "1410210"]
[EventDate "2016.07.23"]

1. e4 d6 2. Nf3 Nf6 3. Nc3 g6 4. Bc4 Bg7 5. d4 O-O 6. O-O c6 7. Bg5 b5 8. Bd3 b4
9. Ne2 Bg4 10. Ng3 Qa5 11. Bd2 Qb6 12. Be3 Nbd7 13. h3 Bxf3 14. Qxf3 Qc7 15.
Rab1 c5 16. c3 c4 17. Be2 bxc3 18. bxc3 Rab8 19. Rfc1 Rfc8 20. Bd1 Qa5 21. Ne2
Rxb1 22. Rxb1 Qxa2 23. Rb7 Qa6 24. Rb1 e5 25. Ng3 Qa2 26. Rb7 Rb8 27. Rxb8+ Nxb8
28. dxe5 dxe5 29. Be2 Nbd7 30. Bf1 Nb6 31. Qd1 Nbd7 32. h4 a5 33. Qd6 Qa1 34.
Qc7 Qxc3 35. Bxc4 Qb4 36. Ba2 h5 37. Qd8+ Bf8 38. Bg5 Qe1+ 39. Kh2 Qxf2 40. Qxa5
Ng4+ 41. Kh1 Qxg3 0-1